00567nam a2200169Ia 450000500170000000800410001704000190005804100120007708200130008910000180010224501640012026000310028430000100031550400500032565000120037585000100038720250526120642.0131103s9999 xx 000 0 und d aLoreto College aEnglish a907bKLA aKlapper, Paul 4aThe teaching of history in secondary schoolsb with chapters on the teaching of civics a manual of method for elementary and junior high schools cPaul Klapper aNew YorkbD.Appletonc1926 a347p  aIncludes bibilographical references and index aHistory aLCBED